000 02337nam0a2200409 i 4500
001 RU\NLR\BIBL_A\010354355
005 20260407104621.0
010 _a9785814916884
_9500
021 _aRU
_b2014-15791
_91010
035 _a(NILC)RuMoRGB-006758374
035 _a(NLR Aleph) 010354355
090 _a10757956
_c10757956
100 _a20140507d2014 km y0rusy50 ca
101 0 _arus
102 _aRU
105 _aa z 000yy
200 1 _aВязкоупругость и релаксационные свойства модифицированного политетрафторэтилена
_eмонография
_f[В. И. Суриков, М. А. Зверев, О. В. Кропотин, В. И. Суриков]
_gМинобрнауки России, Федер. гос. бюджет. образоват. учреждение высш. проф. образования "Омский гос. технический ун-т"
210 _aОмск
_cИзд-во ОмГТУ
_d2014
215 _a137 с.
_cил., табл.
_d21
300 _aАвт. указаны на обороте тит. л.
320 _aБиблиогр.: с. 119-137 (242 назв.)
606 _aПолитетрафторэтилен
_xМодификация
_92024512
_3RU\NLR\AUTH\66932031
606 _aКомпозиционные материалы на основе политетрафторэтилена
_92251270
_3RU\NLR\AUTH\661350335
675 _a678:620.22
686 1 _aЛ719.222.12
701 1 _8rus
_7ca
_aСуриков
_bВ. И.
_cд-р техн. наук
_f1943-
_gВалерий Иванович
_3RU\NLR\AUTH\77123041
_9105966
701 1 _aЗверев
_bМ. А.
_cканд. техн. наук
_gМихаил Алексеевич
_9137288
_3RU\NLR\AUTH\770137323
701 1 _aКропотин
_bО. В.
_gОлег Витальевич
701 1 _8rus
_7ca
_aСуриков
_bВ. И.
_cканд. физ.-мат. наук
_f1947-
_gВадим Иванович
_3RU\NLR\AUTH\77123042
_9105967
712 0 2 _4570
_aОмский государственный технический университет
_3RU\NLR\AUTH\889934724
_9364485
801 0 _aRU
_bRuMoRKP
_c20140306
_gRCR
801 2 _aRU
_bРГБ
_c20140402
_grcr
801 1 _aRU
_bRuMoRKP
_c20140306
_2rusmarc
942 _cBOOK
980 _aNBR